000 01017nam a2200265 i 4500
003 DO-SdBNP
005 20230801092002.0
007 ta
008 230601b1985 dr a|||| |||| 00| 0 spa d
040 _aDO-SdBNP
_bspa
_cBNPHU
_erda
082 4 _axxxx
_bR892e
_222
100 _aRoyuela, José Antonio
_937691
245 1 0 _aEspañol estructural :
_b2do. curso de primaria /
_cJosé Antonio Royuela, Ynés Constanzo Martínez
264 4 _aSanto Domingo :
_bColegial,
_c1985.
300 _a142 páginas ;
_bilustraciones
_c25 cm.
336 _2rdacontent
_atexto
_btxt
337 _2rdamedia
_asin mediación
_bn
338 _2rdacarrier
_avolumen
_bnc
500 _aLibro aprobado como texto básico para 2do. curso del nivel primario, por la Secretaria de Educación Bellas Artes y Curtos; según oficio 7041 de fecha 5 de julio de 1984.
500 _aNueva edición actualizada.
590 _aInventariado, 2023/ YL
700 1 2 _aConstanzo Martínez, Ynés
_eAutora
_937690
910 _aYLockward
942 _2ddc
_cLBS1
999 _c54276
_d54276